000 00215nam a2200097Ia 4500
008 190216s9999||||xx |||||||||||||| ||und||
100 _aPeria Swamy
245 0 _aPlant Ecology
260 _bM K Publication
942 _cBK
999 _c1929
_d1929